[Event "Xtracon Chess Open 2017"]
[Site "Helsingor DEN"]
[Date "2017.07.24"]
[Round "4.38"]
[White "Madsen, Michael B."]
[Black "Kaasen, Tor Fredrik"]
[Result "0-1"]
[BlackTitle "FM"]
[WhiteElo "2092"]
[BlackElo "2409"]
[WhiteFideId "1413031"]
[BlackFideId "1516647"]
[EventDate "2017.07.22"]

1. d4 Nf6 2. c4 g6 3. Nc3 Bg7 4. e4 d6 5. Nf3 O-O 6. Be2 e5 7. Be3 Ng4 8. Bg5 f6
9. Bh4 g5 10. Bg3 Nh6 11. h3 Nc6 12. d5 Ne7 13. Qd2 Ng6 14. O-O-O Nf7 15. Nh2 c5
16. Bg4 Qa5 17. Kb1 a6 18. Ne2 Qc7 19. Nf1 Bxg4 20. hxg4 b5 21. Ne3 Nf4 22. Rh2
Rfb8 23. Bxf4 exf4 24. Nf5 bxc4 25. Rdh1 h6 26. Nxg7 Kxg7 27. Nxf4 gxf4 28. Qxf4
Qb6 29. Qc1 Qb4 30. a3 Qxa3 31. Rh3 Qb4 32. Rc3 Rh8 33. f4 a5 34. Rxc4 Qb5 35.
Rh3 Rhb8 36. e5 dxe5 37. fxe5 fxe5 38. Rxc5 Qe2 39. Rc7 Kg8 40. Rf3 Rf8 41. Ka1
Rad8 42. Rf6 Qxg4 43. Qc2 e4 44. Re6 Rxd5 45. Rxe4 Qd1+ 46. Qxd1 Rxd1+ 47. Ka2
Rd5 48. Ra7 Rb8 49. Ree7 Rf5 50. g4 Rf2 51. Rxa5 Rfxb2+ 52. Ka3 R8b3+ 53. Ka4
Ra2+ 54. Kxb3 Rxa5 55. Re4 Rc5 0-1

[Event "Xtracon Chess Open 2017"]
[Site "Helsingor DEN"]
[Date "2017.07.24"]
[Round "4.39"]
[White "Petersson, Baldur Teodor"]
[Black "Petersen, Tom Petri"]
[Result "0-1"]
[BlackTitle "FM"]
[WhiteElo "2086"]
[BlackElo "2338"]
[WhiteFideId "2309157"]
[BlackFideId "1403486"]
[EventDate "2017.07.22"]

1. e4 g6 2. d4 Bg7 3. Nc3 a6 4. Be3 d6 5. Qd2 Nd7 6. f3 b5 7. h4 h6 8. g4 Nb6 9.
a3 Nf6 10. O-O-O Bb7 11. Nh3 Nfd7 12. g5 h5 13. Nf4 O-O 14. Qf2 Rc8 15. Kb1 c5
16. dxc5 Nxc5 17. Bh3 e6 18. Bd4 Bxd4 19. Qxd4 e5 20. Qxd6 exf4 21. Bxc8 Qxd6
22. Rxd6 Nxc8 23. Rf6 Rd8 24. Kc1 Kf8 25. Rd1 Rxd1+ 26. Kxd1 Ke7 27. Nd5+ Bxd5
28. exd5 Nd6 29. Rxf4 Nf5 30. Kd2 Kd6 31. c4 Ke5 32. Rxf5+ gxf5 33. b4 Nb3+ 34.
Kc3 bxc4 35. Kxc4 Nd2+ 36. Kc5 Nxf3 37. a4 Nd4 38. b5 axb5 39. a5 Nb3+ 40. Kxb5
Nxa5 0-1

[Event "Xtracon Chess Open 2017"]
[Site "Helsingor DEN"]
[Date "2017.07.24"]
[Round "4.40"]
[White "Dauth, Benjamin"]
[Black "Verhasselt, Karsten"]
[Result "1-0"]
[WhiteTitle "FM"]
[WhiteElo "2332"]
[BlackElo "2079"]
[WhiteFideId "4688104"]
[BlackFideId "228893"]
[EventDate "2017.07.22"]

1. e4 e6 2. d3 d5 3. Nd2 Nf6 4. g3 c5 5. Bg2 Nc6 6. Ne2 Be7 7. O-O O-O 8. Nf4
dxe4 9. Nxe4 Qc7 10. Ng5 h6 11. Ne4 g6 12. Ne2 Kh7 13. N2c3 b6 14. Bf4 Qd7 15.
Qf3 Nxe4 16. Nxe4 Bb7 17. Qe3 g5 18. Bd6 f5 19. Bxe7 Qxe7 20. Nd2 Nd4 21. Rac1
f4 22. Qe5 f3 23. Bh3 Ne2+ 24. Kh1 Nxc1 25. Rxc1 Qf6 26. Re1 Qxe5 27. Rxe5 Kg7
28. Kg1 Rae8 29. Bg4 Re7 30. Re3 Rf6 31. Nc4 e5 32. Nxe5 Rf8 33. Kf1 Rfe8 34.
Bh5 Rf8 35. Bg4 Rfe8 36. Bh5 Rf8 37. Ke1 Rf5 38. Ng4 Rxe3+ 39. fxe3 c4 40. dxc4
Rc5 41. b3 b5 42. Nf2 bxc4 43. b4 Re5 44. Kd2 Re6 45. a4 Kf6 46. c3 Ra6 47. a5
Rd6+ 48. Ke1 Ke5 49. Bf7 Bd5 50. Bh5 Be4 51. Ng4+ Kf5 52. Nf2 Rd8 53. Bg4+ Ke5
54. Bh5 Rf8 55. Ng4+ Kd6 56. Nf2 Bd3 57. Kd2 Kc6 58. Bg4 h5 59. Bxh5 Rh8 60.
Bxf3+ Kb5 61. Nxd3 Rxh2+ 62. Be2 cxd3 63. Kxd3 Kc6 64. c4 Kd6 65. Bf3 Rf2 66.
Be4 Rb2 67. Kc3 Re2 68. Kd4 Rd2+ 69. Bd3 Ra2 70. c5+ Kc7 71. e4 Ra1 72. e5 Ra4
73. Kc4 Ra1 74. e6 Re1 75. Bf5 Re5 76. g4 Re1 77. b5 Re5 78. Kd4 Re1 79. b6+
axb6 80. axb6+ Kb8 81. c6 Rd1+ 82. Kc5 Rc1+ 83. Kb5 Re1 84. c7+ Kb7 85. e7 Re5+
86. Kb4 Kxb6 87. c8=Q 1-0

[Event "Xtracon Chess Open 2017"]
[Site "Helsingor DEN"]
[Date "2017.07.24"]
[Round "4.41"]
[White "Jacobsen, Fredrik Beer"]
[Black "Rostgaard, Tobias Valentin"]
[Result "1/2-1/2"]
[BlackTitle "FM"]
[WhiteElo "2081"]
[BlackElo "2327"]
[WhiteFideId "1507044"]
[BlackFideId "1408801"]
[EventDate "2017.07.22"]

1. d4 Nf6 2. Bf4 d5 3. e3 c5 4. c3 Nc6 5. Nd2 e6 6. Bd3 Bd6 7. Bg3 e5 8. dxe5
Nxe5 9. Bb5+ Bd7 10. Bxd7+ Qxd7 11. Ndf3 Nc6 12. Bxd6 Qxd6 13. Ne2 Rd8 14. Qd3
O-O 15. O-O b5 16. Rfd1 c4 17. Qc2 a5 18. Nfd4 Qc5 19. Nxc6 Qxc6 20. Rd4 b4 21.
cxb4 axb4 22. b3 Rc8 23. Rc1 Nd7 24. bxc4 Nb6 25. Qb2 Nxc4 26. Qxb4 Qa6 27. Nf4
Nxe3 28. Rb1 Nc2 29. Qa4 Qxa4 30. Rxa4 Rc4 31. Rxc4 dxc4 32. Kf1 Na3 33. Rc1 Rb8
34. Nd5 Rb2 35. Ne3 Rxa2 36. Nxc4 h5 37. Nxa3 Rxa3 38. g3 1/2-1/2

[Event "Xtracon Chess Open 2017"]
[Site "Helsingor DEN"]
[Date "2017.07.24"]
[Round "4.42"]
[White "Tryggestad, Andreas Garberg"]
[Black "Vesterli, Michael E."]
[Result "1-0"]
[WhiteTitle "FM"]
[WhiteElo "2324"]
[BlackElo "2073"]
[WhiteFideId "1513338"]
[BlackFideId "1417339"]
[EventDate "2017.07.22"]

1. e4 c5 2. c3 Nf6 3. e5 Nd5 4. Nf3 d6 5. Bc4 Nb6 6. Bb3 e6 7. O-O c4 8. Bc2
dxe5 9. Nxe5 Bd6 10. Re1 N8d7 11. Nf3 Nf6 12. b3 Qc7 13. Qe2 O-O 14. Na3 cxb3
15. Nb5 b2 16. Bxb2 Qe7 17. a4 Rd8 18. a5 Nbd5 19. Nxd6 Qxd6 20. Ne5 Bd7 21. Qf3
Bc6 22. Qg3 Rac8 23. Qh4 h6 24. Ba3 Qc7 25. Bc5 Ba4 26. Rxa4 Qxc5 27. Qg3 Ne7
28. Ng4 Nh5 29. Qf3 Rxd2 30. Ra2 Rd5 31. Ne3 Re5 32. Qxb7 Qxc3 33. Rf1 Qc7 34.
a6 Nf4 35. Rb2 Rc5 36. Be4 Ned5 37. g3 Nxe3 38. fxe3 Nh3+ 39. Kh1 Ng5 40. Bg2
Qe5 41. h4 R5c7 42. hxg5 Rxb7 43. axb7 Rb8 44. Rc2 Rxb7 45. Bxb7 Qxe3 46. gxh6
Qxh6+ 47. Kg2 g6 48. Rc7 f5 49. Rd1 Qg5 50. Rdd7 Qh5 51. Rc8# 1-0

[Event "Xtracon Chess Open 2017"]
[Site "Helsingor DEN"]
[Date "2017.07.24"]
[Round "4.43"]
[White "Winfridsson, Hakan"]
[Black "Pantzar, Milton"]
[Result "0-1"]
[BlackTitle "FM"]
[WhiteElo "2081"]
[BlackElo "2313"]
[WhiteFideId "1706292"]
[BlackFideId "1721003"]
[EventDate "2017.07.22"]

1. e4 e5 2. f4 exf4 3. Nc3 Qh4+ 4. Ke2 Qe7 5. Kf2 Nf6 6. d3 d5 7. Nxd5 Qc5+ 8.
Ke2 Nxd5 9. exd5 Qxd5 10. Bxf4 Bc5 11. Nf3 Bg4 12. Be3 Nc6 13. Bxc5 Qxc5 14. c3
O-O-O 15. d4 Nxd4+ 16. cxd4 Rxd4 17. Qc1 Re8+ 18. Kf2 Rc4+ 0-1

[Event "Xtracon Chess Open 2017"]
[Site "Helsingor DEN"]
[Date "2017.07.24"]
[Round "4.44"]
[White "Dishman, Stephen"]
[Black "Ingebretsen, Jens E"]
[Result "1-0"]
[WhiteElo "2313"]
[BlackElo "2053"]
[WhiteFideId "403024"]
[BlackFideId "1522965"]
[EventDate "2017.07.22"]

1. d4 Nf6 2. Bg5 e6 3. e4 c5 4. d5 Qb6 5. Nc3 Qxb2 6. Bd2 Nxe4 7. Nxe4 Qe5 8.
Bd3 exd5 9. Nf3 Qe7 10. O-O dxe4 11. Bxe4 d6 12. Bg5 Qc7 13. Re1 Be6 14. Bf5 Nc6
15. Bxe6 fxe6 16. Rxe6+ Kd7 17. Qd5 g6 18. Rae1 Qb6 19. Bf6 Rg8 20. R6e2 1-0

[Event "Xtracon Chess Open 2017"]
[Site "Helsingor DEN"]
[Date "2017.07.24"]
[Round "4.45"]
[White "Stray, Gunnar"]
[Black "Rewitz, Poul"]
[Result "0-1"]
[BlackTitle "FM"]
[WhiteElo "2078"]
[BlackElo "2310"]
[WhiteFideId "1501631"]
[BlackFideId "1401033"]
[EventDate "2017.07.22"]

1. d4 g6 2. Nf3 Bg7 3. g3 f5 4. Bg2 Nf6 5. O-O O-O 6. Re1 c6 7. c3 d6 8. Nbd2
Kh8 9. a4 Na6 10. b4 Nc7 11. Bb2 Bd7 12. c4 Qc8 13. Rc1 f4 14. Qb3 Bh3 15. Bh1
Qg4 16. e4 Nh5 17. Nh4 fxg3 18. hxg3 Ne6 19. Qe3 Rf7 20. Bf3 Qg5 21. Qxg5 Nxg5
22. Bxh5 gxh5 23. f4 Ne6 24. e5 dxe5 25. dxe5 a5 26. Kh2 Bg4 27. Nb3 axb4 28. a5
Rff8 29. Re3 Bh6 30. Rf1 Nxf4 31. gxf4 Bxf4+ 32. Rxf4 Rxf4 33. e6+ Kg8 34. Bd4
Rd8 35. Bb6 Rd1 36. Bc5 Rxc4 37. Bxe7 Rc3 38. Re5 Bxe6 39. Rxe6 Rxb3 40. Re2 Kf7
41. Nf5 h4 42. Nd6+ Kg6 43. Nxb7 Rbb1 44. Nd6 Rh1+ 45. Kg2 h3+ 46. Kg3 Rbg1+ 47.
Kh4 Re1 0-1

[Event "Xtracon Chess Open 2017"]
[Site "Helsingor DEN"]
[Date "2017.07.24"]
[Round "4.46"]
[White "Kucuksari, Kaan"]
[Black "Jepsen, Thomas Tange"]
[Result "1/2-1/2"]
[WhiteTitle "FM"]
[WhiteElo "2301"]
[BlackElo "2052"]
[WhiteFideId "6380166"]
[BlackFideId "1405357"]
[EventDate "2017.07.22"]

1. d4 d5 2. Nf3 Nf6 3. c4 c6 4. Qc2 g6 5. Bf4 Bf5 6. Qb3 Qb6 7. e3 Bg7 8. Nc3
Qxb3 9. axb3 O-O 10. h3 Nbd7 11. g4 Be4 12. Be2 Nb6 13. cxd5 Nbxd5 14. g5 Bxf3
15. Bxf3 Nh5 16. Nxd5 cxd5 17. Be5 Bxe5 18. dxe5 e6 19. Bxh5 gxh5 20. Kd2 Rfc8
21. Rhc1 a6 22. Rc3 Rxc3 23. bxc3 Kg7 24. Ra4 h6 25. gxh6+ Kxh6 26. Rf4 Kg6 27.
Rf6+ Kg7 28. Rf3 a5 29. Rg3+ Kh6 30. Rg1 b5 31. h4 a4 32. Ra1 Kg6 33. Kd3 Kf5
34. Kd4 Kg4 35. Kc5 Rc8+ 36. Kb4 axb3 37. Kxb3 Kxh4 38. Rg1 Kh3 39. Rg7 Rc7 40.
f4 h4 41. f5 Rc4 42. Rxf7 exf5 43. e6 Re4 44. Rxf5 Rxe6 45. Rxd5 Kg4 46. Rxb5 h3
47. Kc4 h2 48. Rb1 Rxe3 49. Kd4 Rg3 50. Rh1 Kh3 51. c4 Rg1 52. Rxh2+ Kxh2 53. c5
Kg3 54. Ke5 Rc1 1/2-1/2

[Event "Xtracon Chess Open 2017"]
[Site "Helsingor DEN"]
[Date "2017.07.24"]
[Round "4.47"]
[White "Andersson, Kaj"]
[Black "Gajic, Mladen"]
[Result "0-1"]
[BlackTitle "FM"]
[WhiteElo "2063"]
[BlackElo "2300"]
[WhiteFideId "1709860"]
[BlackFideId "1709178"]
[EventDate "2017.07.22"]

1. e4 Nf6 2. f3 e5 3. Nc3 Bc5 4. Nge2 O-O 5. d4 exd4 6. Nxd4 d5 7. Bg5 c6 8. e5
Re8 9. f4 Qb6 10. Na4 Qa5+ 11. c3 Bxd4 12. Qxd4 Ne4 13. Bh4 c5 14. Qxd5 Qxa4 15.
Bd3 Nxc3 16. bxc3 Qxf4 17. Bg3 Qe3+ 18. Kd1 Bg4+ 19. Kc2 Nc6 20. Rae1 Qh6 21.
Rhf1 Be6 22. Qf3 Bxa2 23. Re4 Bd5 24. Qf5 Qg6 25. Qf4 Bxe4 26. Bxe4 Qe6 27. c4
Qxc4+ 28. Kb2 Qb4+ 29. Ka2 Nxe5 30. Qf5 g6 31. Qf4 Re6 32. Be1 Ra6# 0-1

[Event "Xtracon Chess Open 2017"]
[Site "Helsingor DEN"]
[Date "2017.07.24"]
[Round "4.48"]
[White "Schack, Asbjorn Hovgaard"]
[Black "Veng, Johnni"]
[Result "1/2-1/2"]
[BlackTitle "FM"]
[WhiteElo "2053"]
[BlackElo "2279"]
[WhiteFideId "1449575"]
[BlackFideId "1408623"]
[EventDate "2017.07.22"]

1. d4 Nf6 2. c4 e6 3. Nc3 Bb4 4. e3 b6 5. Ne2 c5 6. a3 Ba5 7. Qc2 O-O 8. Nf4 Qe7
9. Bd3 Nc6 10. O-O Bxc3 11. Qxc3 e5 12. dxe5 Nxe5 13. Bf5 Bb7 14. b3 Ng6 15. Bb2
Rad8 1/2-1/2

[Event "Xtracon Chess Open 2017"]
[Site "Helsingor DEN"]
[Date "2017.07.24"]
[Round "4.49"]
[White "Lund, Gunnar"]
[Black "Hobber, Anders"]
[Result "1/2-1/2"]
[BlackTitle "FM"]
[WhiteElo "2051"]
[BlackElo "2278"]
[WhiteFideId "1520814"]
[BlackFideId "1505424"]
[EventDate "2017.07.22"]

1. e4 e6 2. d4 d5 3. Nc3 Bb4 4. exd5 exd5 5. Bd3 Nc6 6. a3 Bxc3+ 7. bxc3 Nge7 8.
Qh5 Be6 9. Rb1 b6 10. Nf3 Qd7 11. Ng5 O-O-O 12. Nxe6 Qxe6+ 13. Be3 g6 14. Qf3
Nf5 15. O-O Nxe3 16. Rfe1 Qd7 17. fxe3 f5 18. c4 Na5 19. c5 Qa4 20. Rb4 Qxa3 21.
Reb1 Rhe8 22. e4 Kb8 23. cxb6 axb6 24. Qg3 Rd6 25. exd5 Ka7 26. h3 Qc3 27. Kh2
Re7 28. Qf3 Qd2 29. Rb5 f4 30. Bf1 Re3 31. Qg4 Rd8 32. d6 Rxd6 33. Qc8 Rc6 34.
d5 Rxc2 35. Qa6+ Kb8 36. Rxa5 Rxh3+ 37. Kxh3 Qe3+ 38. Kh2 Qg3+ 39. Kh1 Qh4+ 40.
Kg1 Qf2+ 41. Kh1 Qh4+ 1/2-1/2

[Event "Xtracon Chess Open 2017"]
[Site "Helsingor DEN"]
[Date "2017.07.24"]
[Round "4.50"]
[White "Skjoldager, Mikael"]
[Black "Ranaldi, Lucas"]
[Result "0-1"]
[BlackTitle "FM"]
[WhiteElo "2050"]
[BlackElo "2269"]
[WhiteFideId "1434314"]
[BlackFideId "1519484"]
[EventDate "2017.07.22"]

1. e4 c5 2. Nf3 g6 3. d4 Bg7 4. c3 cxd4 5. cxd4 d5 6. Bb5+ Bd7 7. Bxd7+ Qxd7 8.
e5 Nc6 9. Nc3 Nh6 10. Bg5 Nf5 11. h4 h5 12. O-O O-O 13. Re1 e6 14. Qd2 Rfc8 15.
Rac1 Bf8 16. Qf4 Na5 17. g4 Ng7 18. Nh2 Nc4 19. Bf6 Kh7 20. Bxg7 Bxg7 21. gxh5
Nxb2 22. hxg6+ fxg6 23. h5 Nd3 24. Qg3 Nxe1 25. Qxg6+ Kh8 26. h6 Bxe5 27. Qh5
Bxh2+ 28. Kxh2 Nd3 29. Rg1 Rg8 30. Rd1 Qd6+ 0-1

[Event "Xtracon Chess Open 2017"]
[Site "Helsingor DEN"]
[Date "2017.07.24"]
[Round "4.51"]
[White "Stojanovski, Sandi"]
[Black "Kristiansen, Willy"]
[Result "1/2-1/2"]
[WhiteTitle "FM"]
[WhiteElo "2268"]
[BlackElo "2041"]
[WhiteFideId "1403249"]
[BlackFideId "1504525"]
[EventDate "2017.07.22"]

1. c4 e6 2. g3 d5 3. Bg2 Nf6 4. Nf3 Be7 5. d4 O-O 6. O-O dxc4 7. Qa4 a6 8. Qxc4
b5 9. Qc2 Bb7 10. Bf4 Nc6 11. Nc3 Nb4 12. Qc1 Nfd5 13. Nxd5 Nxd5 14. Ne5 c5 15.
dxc5 Nxf4 16. Qxf4 Bxg2 17. Kxg2 Qd5+ 18. Kg1 g5 19. Qe3 Qxc5 20. Qxc5 Bxc5 21.
Rfd1 Rfd8 22. e3 f6 23. Nc6 Rxd1+ 24. Rxd1 Rc8 25. Nd8 e5 26. Rd7 Be7 27. Rxe7
Rxd8 28. Re6 Kf7 29. Rxa6 Rd2 30. b3 g4 31. Ra5 Rb2 32. Rxb5 Rxa2 33. Rb8 Ra1+
34. Kg2 Rb1 35. b4 Kg7 36. b5 h5 37. b6 e4 38. h3 Kg6 39. hxg4 hxg4 40. b7 Kf5
41. Kh2 Rb2 42. Kg1 Rb1+ 43. Kg2 Rb2 44. Kf1 Rb1+ 45. Ke2 Rb2+ 46. Kd1 Rb1+ 47.
Kc2 Rb4 48. Kc3 Rb1 49. Kc4 Re1 50. Kd5 Rd1+ 51. Kc6 Rc1+ 52. Kd6 Rd1+ 53. Ke7
Rb1 54. Kf7 Rb2 55. Kg7 Rb1 56. Kf8 Rb2 57. Kf7 Rb3 58. Kg7 Rb1 59. Rf8 Rxb7+
60. Rf7 Rb6 61. Kh6 Rb2 62. Kg7 Rb6 63. Re7 Rb2 64. Rf7 Rb6 65. Re7 1/2-1/2

[Event "Xtracon Chess Open 2017"]
[Site "Helsingor DEN"]
[Date "2017.07.24"]
[Round "4.52"]
[White "Taylor, Adam C"]
[Black "Thaler, Toni"]
[Result "1-0"]
[WhiteTitle "FM"]
[WhiteElo "2265"]
[BlackElo "2041"]
[WhiteFideId "424668"]
[BlackFideId "1303864"]
[EventDate "2017.07.22"]

1. Nf3 f5 2. d3 d6 3. e4 e5 4. Nc3 Nf6 5. exf5 Bxf5 6. d4 e4 7. Nh4 Bg4 8. Be2
Bxe2 9. Qxe2 d5 10. Bg5 Bb4 11. Bxf6 Qxf6 12. Qh5+ Qf7 13. Qe5+ Qe7 14. Qxd5
Qxh4 15. Qxb7 Bxc3+ 16. bxc3 O-O 17. O-O Nd7 18. Qd5+ 1-0

[Event "Xtracon Chess Open 2017"]
[Site "Helsingor DEN"]
[Date "2017.07.24"]
[Round "4.53"]
[White "Roe, Simon J"]
[Black "Christiansen, Arne"]
[Result "1/2-1/2"]
[WhiteElo "2253"]
[BlackElo "2040"]
[WhiteFideId "401471"]
[BlackFideId "1402013"]
[EventDate "2017.07.22"]

1. Nf3 Nf6 2. c4 e6 3. g3 d5 4. Bg2 c5 5. O-O Be7 6. b3 O-O 7. Bb2 Nc6 8. e3 b6
9. Nc3 Bb7 10. cxd5 Nxd5 11. Nxd5 Qxd5 12. d4 Na5 13. dxc5 Bxc5 14. Qe2 Rfd8 15.
Rfd1 Qc6 16. Rac1 Qe8 17. Nd4 Bxg2 18. Kxg2 Nc6 19. Nb5 Rxd1 20. Rxd1 Rd8 21.
Qg4 Bf8 22. Rxd8 Qxd8 23. Qc4 Qd7 24. e4 Bc5 25. Qc3 f6 26. a4 a6 27. Na3 Kf7
28. Nc4 a5 29. Qf3 Kg8 30. h4 Nd4 31. Bxd4 Qxd4 32. h5 h6 33. Qe2 Qc3 34. Qf3
Qd4 35. Qe2 Qc3 36. Qd1 Kh7 37. Qf3 Qd4 38. Qe2 Qc3 39. Qf3 1/2-1/2

[Event "Xtracon Chess Open 2017"]
[Site "Helsingor DEN"]
[Date "2017.07.24"]
[Round "4.54"]
[White "Crevatin, Leo"]
[Black "Jacobsen, Mikkel Manosri"]
[Result "0-1"]
[BlackTitle "FM"]
[WhiteElo "2044"]
[BlackElo "2247"]
[WhiteFideId "1726307"]
[BlackFideId "1444514"]
[EventDate "2017.07.22"]

1. d4 d5 2. c4 e6 3. Nc3 c6 4. cxd5 exd5 5. Qc2 Bd6 6. Nf3 Nd7 7. Bg5 Ne7 8. e3
Nf8 9. Bd3 Bg4 10. O-O-O Nfg6 11. h4 Bxf3 12. gxf3 f6 13. h5 fxg5 14. hxg6 h6
15. Rdg1 Rf8 16. Rh3 Qd7 17. Rgh1 O-O-O 18. Ne2 Rf6 19. Ng3 Rxf3 20. Nf5 Rxf5
21. Bxf5 Qxf5 22. Qxf5+ Nxf5 23. Re1 Rf8 24. Rhh1 Ne7 25. f4 gxf4 26. exf4 Kd7
27. Kc2 Rxf4 28. Ref1 Nxg6 29. Rfg1 Rf6 30. Rg4 Bf4 31. Rhg1 Bg5 0-1

[Event "Xtracon Chess Open 2017"]
[Site "Helsingor DEN"]
[Date "2017.07.24"]
[Round "4.55"]
[White "Solberg, Joachim"]
[Black "De Coninck, Erik"]
[Result "1/2-1/2"]
[WhiteTitle "CM"]
[WhiteElo "2237"]
[BlackElo "2032"]
[WhiteFideId "1502930"]
[BlackFideId "233234"]
[EventDate "2017.07.22"]

1. e4 e6 2. d4 d5 3. Nd2 c5 4. exd5 Qxd5 5. dxc5 Bxc5 6. Ngf3 Nf6 7. Bd3 Nc6 8.
O-O O-O 9. Qe2 Nb4 10. Bc4 Qh5 11. c3 Nbd5 12. Ne4 Nxe4 13. Qxe4 Nf6 14. Qe2 b6
15. Bf4 Bb7 16. Ne5 Qxe2 1/2-1/2

[Event "Xtracon Chess Open 2017"]
[Site "Helsingor DEN"]
[Date "2017.07.24"]
[Round "4.56"]
[White "Tabaa, Ghayth"]
[Black "Kolvig, Bent"]
[Result "1-0"]
[WhiteElo "2041"]
[BlackElo "2230"]
[WhiteFideId "7603819"]
[BlackFideId "1400746"]
[EventDate "2017.07.22"]

1. e4 e5 2. Nf3 Nc6 3. Be2 Nf6 4. d3 d5 5. Nbd2 Be7 6. c3 h6 7. O-O a5 8. b3 Be6
9. a3 O-O 10. Qc2 Nh5 11. Re1 Nf4 12. Bf1 Qd7 13. exd5 Bxd5 14. c4 Be6 15. Bb2
f6 16. g3 Nh3+ 17. Kg2 Bg4 18. d4 exd4 19. Qe4 Rae8 20. Bd3 f5 21. Qd5+ Qxd5 22.
cxd5 Nb8 23. Ne5 Ng5 24. Ng6 Bh3+ 25. Kg1 Rf7 26. d6 cxd6 27. Bc4 Nc6 28. f4 Kh7
29. Nxe7 Rfxe7 30. Rxe7 Rxe7 31. fxg5 hxg5 32. Nf3 Bg4 33. Nxd4 Nxd4 34. Bxd4 d5
35. Bd3 g6 36. Rc1 f4 37. Kf2 Bf5 38. Bxf5 fxg3+ 39. hxg3 gxf5 40. Bb6 a4 41. b4
Kg6 42. b5 Kh5 43. Rc7 Rxc7 44. Bxc7 Kg4 45. Ke3 f4+ 46. gxf4 gxf4+ 47. Bxf4 Kf5
48. Bg3 1-0

[Event "Xtracon Chess Open 2017"]
[Site "Helsingor DEN"]
[Date "2017.07.24"]
[Round "4.57"]
[White "Christensen, Thomas2"]
[Black "Slettebo, Jan"]
[Result "1-0"]
[WhiteElo "2229"]
[BlackElo "2021"]
[WhiteFideId "1407635"]
[BlackFideId "1704958"]
[EventDate "2017.07.22"]

1. Nc3 e5 2. e4 Nf6 3. f4 d5 4. fxe5 Nxe4 5. Qf3 Nxc3 6. bxc3 Be7 7. d4 c5 8.
Bb5+ Nc6 9. Ne2 O-O 10. O-O Be6 11. Qh5 Qd7 12. h3 a6 13. Bxc6 Qxc6 14. Rf3 f6
15. Bf4 Qe8 16. Qxe8 Raxe8 17. Raf1 Bd7 18. Ng3 fxe5 19. Bxe5 Rxf3 20. Rxf3 g6
21. Nf1 Bf5 22. Ne3 Be4 23. Rf2 Rf8 24. Re2 1-0

[Event "Xtracon Chess Open 2017"]
[Site "Helsingor DEN"]
[Date "2017.07.24"]
[Round "4.58"]
[White "Brondum, Eric"]
[Black "Jaksland, Tim"]
[Result "0-1"]
[WhiteTitle "FM"]
[BlackTitle "FM"]
[WhiteElo "2040"]
[BlackElo "2227"]
[WhiteFideId "1400894"]
[BlackFideId "1401084"]
[EventDate "2017.07.22"]

1. Nf3 Nf6 2. g3 g6 3. b3 Bg7 4. Bb2 O-O 5. Bg2 c5 6. O-O Nc6 7. d3 d6 8. Nbd2
Rb8 9. e4 b5 10. a4 a6 11. axb5 axb5 12. Re1 Qb6 13. Rb1 e5 14. h3 Be6 15. Nf1
h6 16. Ne3 Nd4 17. Nd2 Nh7 18. c3 Nc6 19. Kh2 Qd8 20. Ra1 h5 21. Nd5 h4 22. Ra6
hxg3+ 23. fxg3 Ne7 24. Nxe7+ Qxe7 25. Qe2 Ra8 26. Rea1 Rxa6 27. Rxa6 Bh6 28. c4
b4 29. Bc1 Rd8 30. Qd1 Qb7 31. Ra1 Ra8 32. Rxa8+ Qxa8 33. Qc2 Qa1 34. Nb1 Bxc1
35. Qxc1 Nf6 36. Qc2 Nd7 37. h4 Nb8 38. h5 Nc6 39. hxg6 fxg6 40. Bh3 Bxh3 41.
Kxh3 Kg7 42. Kg2 Nd4 43. Qd1 Qb2+ 44. Nd2 Qc3 45. Nf3 Qxb3 46. Qf1 Nxf3 47. Qxf3
Qa2+ 0-1

[Event "Xtracon Chess Open 2017"]
[Site "Helsingor DEN"]
[Date "2017.07.24"]
[Round "4.59"]
[White "Thogersen, Rasmus"]
[Black "Jensen, Thore Nyboe"]
[Result "1-0"]
[WhiteElo "2222"]
[BlackElo "2016"]
[WhiteFideId "1431412"]
[BlackFideId "1405349"]
[EventDate "2017.07.22"]

1. e4 e6 2. d4 d5 3. Nc3 dxe4 4. Nxe4 Nd7 5. Nf3 Ngf6 6. Bd3 Nxe4 7. Bxe4 Nf6 8.
Bd3 Be7 9. Qe2 O-O 10. Bg5 c5 11. O-O-O Qa5 12. Kb1 cxd4 13. h4 Re8 14. Nxd4 e5
15. Nb3 Qc7 16. f3 Be6 17. Rhe1 Nd7 18. Bxe7 Rxe7 19. Qe4 g6 20. h5 Nf6 21. Qxe5
Nxh5 22. Qg5 Rae8 23. Rh1 Qg3 24. Rxh5 1-0

[Event "Xtracon Chess Open 2017"]
[Site "Helsingor DEN"]
[Date "2017.07.24"]
[Round "4.60"]
[White "Bjorneboe, Kristian"]
[Black "Merkesvik, Sondre"]
[Result "0-1"]
[BlackTitle "FM"]
[WhiteElo "2023"]
[BlackElo "2211"]
[WhiteFideId "1424718"]
[BlackFideId "1514350"]
[EventDate "2017.07.22"]

1. d4 Nf6 2. Nf3 g6 3. Nc3 d5 4. Bf4 Bg7 5. e3 O-O 6. Be2 c5 7. Ne5 b6 8. O-O e6
9. a4 Nfd7 10. Nxd7 Qxd7 11. a5 Bb7 12. Na4 cxd4 13. exd4 Nc6 14. Bb5 Qc8 15. c3
Ba6 16. Bxa6 Qxa6 17. axb6 axb6 18. Bc7 Qb7 19. Bg3 Na5 20. b3 Rfc8 21. Rb1 Qc6
22. h3 h5 23. Bf4 Nb7 24. Bd2 Nd6 25. f3 Nb7 26. Nb2 Nd6 27. Nd3 Nb5 28. Nb4 Qd6
29. Ra1 Ra5 30. Rxa5 bxa5 31. Na2 Qa3 32. Qb1 Rb8 33. Bc1 Qd6 34. Kh1 Bf8 35.
Bd2 Qg3 36. Qe1 Qc7 37. c4 dxc4 38. Bxa5 Qa7 39. bxc4 Nxd4 40. Rf2 Bd6 41. f4
Nf5 42. Bc3 Rb1 43. Qxb1 Qxf2 44. Qb7 Qf1+ 0-1

[Event "Xtracon Chess Open 2017"]
[Site "Helsingor DEN"]
[Date "2017.07.24"]
[Round "4.61"]
[White "Skovgaard, Ib"]
[Black "Laustsen, Lars"]
[Result "1/2-1/2"]
[WhiteElo "2016"]
[BlackElo "2204"]
[WhiteFideId "1406760"]
[BlackFideId "1407554"]
[EventDate "2017.07.22"]

1. e4 c5 2. Nf3 d6 3. d4 cxd4 4. Nxd4 Nf6 5. Nc3 a6 6. Bg5 e6 7. Be2 Nbd7 8. f4
b5 9. Bf3 Bb7 10. e5 Bxf3 11. Nxf3 h6 12. Bxf6 gxf6 13. exd6 Qb6 14. Qe2 Bxd6
15. O-O-O Bxf4+ 16. Kb1 O-O-O 17. Qe4 Be5 18. Nxe5 Nxe5 19. a4 Nc4 20. axb5 axb5
21. Rhe1 Nd2+ 22. Rxd2 Rxd2 23. Qa8+ Qb8 24. Qc6+ Kd8 25. Ne4 Rd4 26. Nc5 Qc8
27. Qb6+ Ke7 28. Nxe6 fxe6 29. Qxd4 Qd7 30. Qc5+ Kf7 31. Qh5+ Kg7 32. Re3 Qe8
33. Rg3+ Kh7 34. Qc5 Rg8 35. Qc7+ Kh8 36. Qf4 Rg6 37. Ra3 Qd7 38. Ra8+ Kh7 39.
Qb8 Qd1+ 40. Ka2 Qd5+ 41. b3 Rg7 42. Qh8+ Kg6 43. Qe8+ Kh7 44. Qh8+ Kg6 45. g4
Qc5 46. Qe8+ Kh7 47. Qh8+ Kg6 48. Qe8+ Kh7 49. Qh8+ 1/2-1/2